Neue Studien zum Sedfest /

محفوظ في:

المؤلف الرئيسي: Hornung, Erik.

مؤلفون آخرون: Staehelin, Elisabeth.

التنسيق: كتاب

اللغة: German

منشور في: Basel : Schwabe, 2006.

سلاسل: Aegyptiaca Helvetica ; 20.
AegHelv ; 20.

الموضوعات:

الوسوم: إضافة وسم

لا توجد وسوم, كن أول من يضع وسما على هذه التسجيلة!

رقم الطلب: DT57 .A5 v.20

LEADER 00869cam a2200301 a 4500
001 ocm84611044
003 OSt
005 20250519084504.0
008 070308s2006 sz a b 001 0 ger c
010 |a  2007462746 
020 |a 9783796522871  |q (hd. bd.) 
020 |a 3796522874  |q (hd. bd.) 
040 |c ARCE Library 
043 |a f-ua--- 
050 4 |a DT57 .A5 v.20 
100 1 |a Hornung, Erik. 
245 1 0 |a Neue Studien zum Sedfest /  |c Erik Hornung und Elisabeth Staehelin. 
264 1 |a Basel :  |b Schwabe,  |c 2006. 
300 |a 106 pages :  |b illustrations ;  |c 31 cm. 
490 0 |a Aegyptiaca Helvetica ;   |v 20. 
490 0 |a AegHelv ;   |v 20. 
504 |a Includes bibliographical references and indexes. 
650 0 |a Sed festival. 
650 0 |a Festivals  |z Egypt. 
700 1 |a Staehelin, Elisabeth. 
901 |a reviewed 
942 |2 lcc  |c BK 
999 |c 56635  |d 56635